00294nam a2200121Ia 4500008004100000082001400041100002100055245003400076250000800110260003200118300001000150650001200160150201s1999 xx 000 0 und d a617bO99G aGOTTSCH, JOHN D. aROB & SMIT OPHTHALMIC SURGERY a5TH bCHAPMAN &HALLaLONDONc1999 a1-506 aSURGERY